| 000 | 01095nam a2200265 i 4500 | ||
|---|---|---|---|
| 001 | 160131 | ||
| 003 | ES-MaACL | ||
| 005 | 20230906211939.0 | ||
| 008 | 990429s1886 sp a |||| | spa d | ||
| 040 |
_aCCPB | B _bspa _cCCPB | B |
||
| 080 | _a623.55 | ||
| 100 | 1 |
_aMorales Prieto, Pedro. _9130137 |
|
| 245 | 1 | 0 |
_aConferencias sobre teoría del tiro _b: recopiladas de lo más nuevo, útil y práctico que, hasta la fecha, han publicado los diferentes autores que se dedican a escribir sobre tan importante materia / _cpor Pedro Morales y Prieto. |
| 260 |
_aBarcelona : _bRedacción y Administración de la Revista Científico-Militar y Biblioteca Militar, _c1886 ( _fEst. Tip. de Fidel Giró) |
||
| 300 |
_a175, [8] p. : _bil. ; _c20 cm. |
||
| 490 | 1 | _aBiblioteca militar | |
| 510 | 4 |
_aPalau, _ct. X, 181105 |
|
| 599 | _aLas il. son dibujos de trayectorias de bala. | ||
| 599 | _aTablas, [8] p. | ||
| 650 | 4 |
_aTiro militar. _9162725 |
|
| 752 |
_aEspaña - _dBarcelona |
||
| 830 | 0 |
_aBiblioteca militar _9181165 |
|
| 852 |
_aES-MaACL _jG-9890 _z- Enc. hol. |
||
| 999 |
_c160131 _d160131 |
||